000 00324nam a2200133Ia 4500
005 20251222151306.0
008 251222s9999||||xx |||||||||||||| ||spa||
082 _a330.9/V62
100 _aVicens Vives, Jaime
245 0 _aCoyuntura Económica y Reformismo Burgués
250 _a1ra.ed.
264 _bAriel
942 _cLIB
999 _c23161
_d23161